| 000 | 00823nam a2200241Ia 4500 | ||
|---|---|---|---|
| 005 | 20260430150053.0 | ||
| 008 | 008 250103s9999 xx 000 0 eng d | ||
| 037 | _aTheses | ||
| 040 | _aCRL | ||
| 040 | _beng | ||
| 040 | _ceng | ||
| 041 | _2eng | ||
| 041 | _aeng | ||
| 084 | _qCRL | ||
| 100 |
_aSengupta Madhumita Au.; Seth Rakesh Kumar Gu. _91236368 |
||
| 245 | 0 | _aRadiobiological investigartions on reproductive competence of radio-sterilized female moth,spodoptera litura (Fabr.) for its combined release with sub-sterilized males in employment of radiation mediated 'inherited sterility technique' for peast suppressi | |
| 260 | _c2022 | ||
| 300 | _a102p. | ||
| 650 | _aZoology | ||
| 700 | _aUniversity of Delhi. Faculty of Science. Department of Zoology | ||
| 942 | _cTH | ||
| 999 |
_c1848873 _d1848873 |
||